Zmeny v štruktúre a zavádzanie inovácií v krajinách V4

Štruktúrne zmeny v ekonomike sú predpokladom ďalšieho rozvíjania a rastu jednotlivých odvetví hospodárstva. Jedným zo spôsobov ako zabezpečiť ekonomický rast a rozvoj krajiny je zvyšovanie hrubej pridanej hodnoty. Zachytenie celosvetových trendov a ich realizácia je nevyhnutou podmienkou na zvyšovni...

Descrizione completa

Salvato in:
Dettagli Bibliografici
Autore principale: Havettová, Miroslava
Natura: Capitolo di libro
Lingua:slovacco
Soggetti:
Tags: Aggiungi Tag
Nessun Tag, puoi essere il primo ad aggiungerne!!

MARC

LEADER 00000nla$a2200000$$$4500
001 0103583
005 20240502072128.0
041 0 |a slo 
044 |a SK 
245 1 0 |a Zmeny v štruktúre a zavádzanie inovácií v krajinách V4  |c Miroslava Havettová 
520 |a Štruktúrne zmeny v ekonomike sú predpokladom ďalšieho rozvíjania a rastu jednotlivých odvetví hospodárstva. Jedným zo spôsobov ako zabezpečiť ekonomický rast a rozvoj krajiny je zvyšovanie hrubej pridanej hodnoty. Zachytenie celosvetových trendov a ich realizácia je nevyhnutou podmienkou na zvyšovnie konkurencieshopnosti a ekonomického rastu. 
610 2 0 |a Vyšehradská štvorka 
610 2 0 |a hodnota pridaná 
610 2 0 |a inovácia 
610 2 0 |a výskum 
610 2 0 |a veda 
610 2 0 |a technológie nové 
610 2 0 |a Slovensko 
610 2 0 |a konkurencieschopnosť 
610 2 0 |a rast hospodársky 
100 1 |a Havettová, Miroslava